000 00477nam a22001697a 4500
003 NUST - PNEC
005 20170116181151.0
008 151128b xxu||||| |||| 00| 0 eng d
020 _a0943518350
040 _cLIBRARY
082 _a005.26 STE
100 _915448
_aStevens, Al,
245 _aTurbo C : memory-resident utilities, screen I/O, and programming techniques
_cAl,Stevens
260 _cc1987.
650 _915449
_aTurbo C (Computer file)
_xME
942 _2ddc
_cBK
999 _c70964
_d70964